1781 1651 1259 1716 1116 1862 1186 1239 1655 1183 1596 1649 1813 1949 1725 1600 1960 1609 1891 1146 1477 1179 1956 1673 1796 1320 1845 1634 1671 1154 1113 1901 1005 1292 1834 1904 1445 1975 1502 1012 1503 1689 1301 1006 1904 1368 1915 1089 1777 1817 1820 1922 1805 1666 1544 1604 1010 1396 1615 1284 1562 1536 1921 1397 1007 1308 1935 1091 1126 1044 1436 1718 1942 1759 1516 1074 1696 1554 1235 1313 1164 1069 1851 1838 1919 1647 1531 1801 1479 1028 1602 1072 1713 1914 1577 1191 1848 1841 1422 BCNSPRNW ULIB Ver.6.0+V

เปลี่ยนเป็นภาษาไทย

Change to English
 แสดงรายละเอียดบรรณานุกรม
  กลับหน้าหลัก

Brief Record : Get Marc (ISO 2709) : E-mail record : QR code < ปิดหน้าต่าง
LEADER : 00000nam 2200000uu 4500
001    13399123172
003     ULIB
008    200557s2551||||th 000 0 tha d
020    ^a9789740689140
090    ^aนว.^bช617ห
100 0  ชุติวรรณ
245 00 ^aหัวใจใสๆเก็บไว้ให้เธอ/^cชุติวรรณ
250    ^aพิมพ์ครั้งที่ 1
260    ^aกรุงเทพฯ :^bนกฮูก,^c2551
300    ^a153หน้า
710 1  ^aนกฮูก
945    ^p139^l0^i20320
995    ^aทศพร
999    ^aทศพร เกษรทอง
รายการนี้ยังไม่มีแท็ก
คุณยังไม่ได้ล็อกอิน คุณสามารถมีกิจกรรมร่วมกับเว็บไซต์ได้ แต่ต้องล็อกอินก่อน ::
  ล็อกอิน

รายการสื่อสารสนเทศ

ลำดับที่ ประเภท เลขเรียก/บาร์โค้ด สถานที่ สถานะ
1. นวนิยาย
นวนิยาย
นว. ช617ห ฉ.1 
  Barcode: 20320
ห้องสมุดวิทยาเขตนครสวรรค์
►นวนิยาย:l:Fiction
บนชั้น

BibComment


ยังไม่เคยถูกคอมเมนท์

คอมเมนท์ทรัพยากรรายการนี้
  คอมเมนท์: หัวใจใสๆเก็บไว้ใ..


 Copyright 2026. Bcnsprnw @Library